00349nam a22001097a 4500008004100000020001600041082001700057245006200074260005500136300000800191710004000199230605b xxu||||| |||| 00| 0 eng d a996676741 X a330.97bKNBS aEconomic Survey 2012cKenya National Bureau of Statistics aNairobibKenya National Bureau of Statisticsc2012 a255 bKenya National Bureau of Statistics